000 00805nab a2200253 u 4500
001 21463
003 HDC
007 cr bn ---aaaaa
008 210308c20101216xx dr|noo 0 a eng d
040 _aHDC
245 0 _aUSA: Urban slaughterhouses on the rise
260 _a[No place] :
_b[publisher not identified],
_c2010
300 _a1 online resource
336 _atext
_2rdacontent
337 _acomputer
_2rdamedia
338 _aonline resource
_2rdacarrier
650 _ameat industry
_92353
650 _aSlaughterhouses
_918987
710 _aHalal Focus
856 _zRequest full-text at [email protected]
942 _2lcc
942 _cNEWS
942 _kNWSO 006573
999 _c18779
_d18779